000 00618nam a2200277Ia 4500
005 20260324143534.0
008 008 260324s9999 xx 000 0 eng d
020 _a9780367811730
037 _aEBOOK
040 _aCRL
040 _beng
040 _cCRL
041 _2eng
041 _aeng
084 _qCRL
100 _aLutz Nover
_91215999
245 0 _aHeat Shock Response
260 _bTaylor and Francis
260 _c1991
365 _a
365 _b840
856 _uhttp://www.taylorfrancis.com/books/9780367811730
942 _cEBOOK
999 _c1821525
_d1821525